Rozpoznaj państwo po opisie jego flagi - Statystyki

Ogólne statystyki
  • Ten quiz został rozwiązany 60 razy
  • Średni wynik to 11 z 20
Statystyki odpowiedzi
Opis flagi Państwo % Poprawnych
Trzy pionowe pasy. Od lewej: zielony, biały i pomarańczowy. Irlandia
98%
Czerwone koło na zielonym tle. Bangladesz
88%
Biały krzyż skandynawski na czerwonym tle. Dania
71%
Trzy pionowe pasy. Po lewej i prawej jest kolor czerwony, środku jest kolor biały. Na białym pasie jest czerwony liść klonu. Kanada
71%
Trzy poziome pasy. Na górze i dole jest kolor czerwony, a na środku, biały. Austria
69%
Niebieski krzyż skandynawski z białą obwódką na czerwonym tle. Norwegia
69%
Trzy poziome pasy. Na górze i dole jest kolor niebieski, a na środku, biały. Na białym pasie jest słońce. Argentyna
67%
Trzy pionowe pasy. Po lewej i prawej jest kolor zielony, a na środku jest kolor biały. Nigeria
67%
Zielona Gwiazda Dawida na czerwonym tle. Maroko
63%
Żółta gwiazda na czerwonym tle. Wietnam
60%
Trzy poziome pasy. Od dołu: zielony, biały i pomarańczowy. Na białym pasie jest pomarańczowe koło. Niger
56%
Dwa poziome pasy. Od góry: czerwony i zielony. Na środku flagi jest gwiazda. Burkina Faso
54%
Żółte koło pośrodku z promieniami dookoła niego na czerwonym tle. Macedonia Północna
52%
Trzy poziome pasy. Od góry: żółty, niebieski i czerwony. Na niebieskim pasie są gwiazdy ułożone w łuk. Wenezuela
52%
Niebieskie tło. Na środku znajduje się kształt tego państwa a nad nim gwiazdy ułożone w łuk. Kosowo
50%
Niebieskie tło. W lewym górnym rogu jest flaga Wielkiej Brytanii. Po prawej stronie jest 9 gwiazd. Tuvalu
40%
Trzy poziome pasy. Od dołu: żółty, niebieski i czerwony. Armenia
31%
Trzy poziome pasy. Od góry: zielony, żółty i niebieski. Gabon
31%
Trzy poziome pasy. Na górze i dole jest kolor niebieski, a na środku jest kolor żółty. Po lewej stronie jest czarny trójkąt. Bahamy
29%
Czerwone tło. W lewym górnym rogu jest niebieski prostokąt z krzyżem południa na jego środku. Samoa
27%
Nie znaleziono quizów pasujących do podanych kryteriów
Rozkład punktacji
Procent ludzi z każdym wynikiem
Percentyl według liczby udzielonych odpowiedzi
Twoja historia wyników
Nie rozwiązałeś tego quizu